| 000 | 00788nam a2200241 a 4500 | ||
|---|---|---|---|
| 003 | MX-MxUPN | ||
| 005 | 20241001063953.0 | ||
| 008 | 031010s1930 fr a gr 000 0 fre d | ||
| 035 | _aUPN01000129992 | ||
| 040 |
_aMX-MxUPN _bspa _cMX-MxUPN |
||
| 041 | _afre | ||
| 050 | 4 |
_aTT985 _bB3.2 1930 |
|
| 100 | 1 |
_aBabet-Charton, L. _952942 |
|
| 245 | 1 | 0 | _aBlanchissage repassage |
| 250 |
_a2a édition _bentièrement revue |
||
| 260 |
_a[París] : _bLibraire Agricole de la Maison Rustique, _c1930. |
||
| 300 |
_a216 páginas : _bilustraciones |
||
| 650 | 4 |
_aEconomía doméstica _xEquipo y accesorios _92000 |
|
| 710 | 2 |
_aInstituto Nacional de Investigación Educativa (México) _epropietario anterior _928086 |
|
| 902 | _bMaríaRobles/080824 | ||
| 905 | _aLibro | ||
| 942 |
_2lcc _cLIBRO _n0 |
||
| 999 |
_c102149 _d102149 |
||